| 000 | 00672nam a22002057a 4500 | ||
|---|---|---|---|
| 005 | 20250610142828.0 | ||
| 008 | 250402b |||||||| |||| 00| 0 eng d | ||
| 020 | _a9781324003090 (hbk) | ||
| 037 | _cTB | ||
| 040 |
_aCRL _cCRL |
||
| 041 |
_2eng _aeng |
||
| 084 |
_aY15 R0 _qCRL |
||
| 245 |
_aThink like a feminist: _bThe philosophy behind the revolution |
||
| 260 |
_aNew York, USA: _bW.W. Norton & Company, _c2020. |
||
| 300 | _axvi, 222p. | ||
| 365 |
_b25.95 _cUSD |
||
| 650 |
_aFeminism _9812415 |
||
| 942 |
_2CC _cTB _hY15 R0 _n0 |
||
| 999 |
_c1308408 _d1308408 |
||